| 000 | 00931cam a2200253 a 4500 | ||
|---|---|---|---|
| 001 | 000005453 | ||
| 005 | 20200929151702.0 | ||
| 008 | 970107s1996 sp a b 000 0 spa | ||
| 020 | _a8437614481 | ||
| 040 |
_aDO-SdBNP _cDLC _dDLC |
||
| 082 |
_a862.4 _bG216d |
||
| 100 | 1 |
_aGarcía Malo, Ignacio, _d1760-1812 _915495 |
|
| 245 | 1 | 0 |
_aDoña María Pacheco, mujer de Padilla : _btragedia / _cIgnacio García Malo ; edición de Guillermo Carnero. |
| 260 |
_aMadrid : _bCátedra, _c1996. |
||
| 300 |
_a172 p. : _bil. ; _c18 cm. |
||
| 490 | 1 |
_aLetras hispánicas _v412 |
|
| 504 | _aIncluye referencias bibliográficas (p. 51-60). | ||
| 600 | 1 | 4 |
_aGARCÍA MALO, IGNACIO, _d1760-1812 _xCRÍTICA E INTERPRETACIÓN _915496 |
| 650 | 4 |
_aTragedia española _xHistoria y crítica _915497 |
|
| 700 | 1 |
_aCarnero, Guillermo, _d1947-, _eed. _99762 |
|
| 830 | 0 |
_aLetras hispánicas ; _v412 _94208 |
|
| 910 | _aCatalogación por copia / LC | ||
| 910 | _aWM | ||
| 999 |
_c5253 _d5253 |
||